000 01458nam a2200349 i 4500
001 197059
003 ES-MaACL
005 20250816063157.0
008 250324b2024 sp ||||| |||| 00| 0 spa d
017 _aBI 01432-2024
_bOficina Depósito Legal Vizcaya
020 _a9788419751027
040 _bspa
_cES-MaACL
080 _a004:001.92(460)
080 _a005.591.6(460)
080 _a331.101.5
245 1 4 _aLas competencias digitales y digitalizadas :
_bsus implicaciones en el ámbito laboral y de los recursos humanos /
_cAlicia Gómez Tello, Laura Hernández Lahiguera, Vicente Martínez-Tur, Fernando Pascual Lavilla.
260 _aBilbao :
_bFundación BBVA,
_c2024.
300 _a415 páginas ;
_c24 cm.
336 _2rdacontent
_atexto
337 _2rdamedia
_asin mediación
338 _2rdacarrier
_avolumen
650 0 _9235474
_aMercado de trabajo-
_xEfectos de las innovaciones tecnológicas
700 _9238722
_aGómez Tello, Alicia
_eaut
700 _9159584
_aHernández Lahiguera, Laura
_eaut
700 _9241523
_aMartínez-Tur, Vicente
_eaut
700 _9236535
_aPascual Lavilla, Fernando
_eaut
852 _aES-MaACL
_cDEPOJ
_jN-10433
_xEncuadernación rústica con solapas
_9206557
_hDonación: Editorial
942 _cMONOGRAFIA
_n0
999 _c197059
_d197059